60 years of pakistan Army ( set of 2 DVDs) (Record no. 290216)

000 -LEADER
fixed length control field 00295 a2200121 4500
001 - CONTROL NUMBER
control field 55143
082 ## - DEWEY DECIMAL CLASSIFICATION NUMBER
Classification number G-5959
090 ## - LOCALLY ASSIGNED LC-TYPE CALL NUMBER (OCLC); LOCAL CALL NUMBER (RLIN)
-- 34168
-- 34168
245 ## - TITLE STATEMENT
Title 60 years of pakistan Army ( set of 2 DVDs)
260 ## - PUBLICATION, DISTRIBUTION, ETC.
Place of publication, distribution, etc. rawalpindi
Name of publisher, distributor, etc. PAkistan Army + PTV
Date of publication, distribution, etc. 2006
500 ## - GENERAL NOTE
General note CD/DVD
610 ## - SUBJECT ADDED ENTRY--CORPORATE NAME
Corporate name or jurisdiction name as entry element PAkistan army
942 ## - ADDED ENTRY ELEMENTS (KOHA)
Institution code [OBSOLETE] NUST-CAE
Call number prefix G-5959
Holdings
Withdrawn status Lost status Damaged status Not for loan Collection code Permanent Location Current Location Date acquired Total Checkouts Full call number Barcode Date last seen Price effective from Koha item type
          College of Aeronautical Engineering (CAE) College of Aeronautical Engineering (CAE) 04/03/2017   G-5959 CAEG-5959 04/05/2017 04/05/2017 Book
          College of Aeronautical Engineering (CAE) College of Aeronautical Engineering (CAE) 04/03/2017   G-5959 CAEG-5959a 04/05/2017 04/05/2017 Book
© 2023 Central Library, National University of Sciences and Technology. All Rights Reserved.